| 000 | 00000nam 2200000za 4500 |
| 001 | 9.808393 |
| 003 | CaOODSP |
| 005 | 20221107140353 |
| 007 | cr ||||||||||| |
| 008 | 151230s2006 onca |o f000 0 fre d |
| 020 | |z0-662-78235-6 |
| 040 | |aCaOODSP|bfre |
| 043 | |an-cn--- |
| 086 | 1 |aH46-2/04-376F-PDF |
| 245 | 00|aAgents sensibilisants |h[ressource électronique]. |
| 260 | |a[Ottawa] : |bSanté Canada : |bCCHST, |cc2006. |
| 300 | |a1 p. : |bill. |
| 490 | 1 |aSIMDUT aide-mémoire |
| 500 | |aPublié aussi en anglais sous le titre: Sensitizers. |
| 500 | |a« Système d'information sur les matières dangereuses utilisées au travail ». |
| 500 | |aLe n° de catalogue (H46-2/04-376F) et l’ISBN (0-662-78235-6) de l'édition imprimée ont été copiés dans l’édition électronique. |
| 692 | 07|2gccst|aSubstance toxique |
| 692 | 07|2gccst|aMatière dangereuse |
| 710 | 1 |aCanada. |bSanté Canada. |
| 710 | 2 |aCentre canadien d'hygiène et de sécurité au travail. |
| 775 | 08|tSensitizers |w(CaOODSP)9.808392 |
| 830 | #0|aSIMDUT aide-mémoire.|w(CaOODSP)9.808769 |
| 856 | 40|qPDF|s202 Ko|uhttps://publications.gc.ca/collections/collection_2015/sc-hc/H46-2-04-376-fra.pdf |